000 nam a22 4500
999 _c8991
_d8991
008 180322b ||||| |||| 00| 0 eng d
245 _aLiver cancer linked.
260 _aPhilippines:
_bManila Bulletin,
_cc2017.
300 _apage 8.
650 0 _927063
_aCancer.
942 _2ddc
_cPER